000 00668nam a22002537a 4500
003 OSt
005 20140310183034.0
008 130219t xxu||||| |||| 00| 0 eng d
020 _a9712343782
050 _aH61
_b.Al447 2005
082 _aFIL 301.02
_bA16 2005
245 _aSocial Philosophy 2:
_bIncluding General and Professional Ethics for Teachers
_cAlmeda, Adelaida B.
260 _aManila
_bRBS
_c2005
300 _a101 p.
_c22.2 cm.
521 _acollege students
526 _c1210L-1700L
541 _j1
541 _j2
541 _j3
541 _j4
541 _j5
562 _e5
942 _2lcc
_cBK
_kFIL
999 _c18472
_d18472